Coupe du Monde 1934 - Un Joueur par équipe - Statistiques

Statistiques générales
  • Ce quiz a été pris 36 fois
  • Le résultat moyen est 9 sur 16
Statistiques - réponses
Hint Réponse % Correct
Sven Jonasson Suède
96%
Abdelrahman Fawzi Egypte
92%
Giuseppe Meazza Italie
92%
Jean Nicolas France
88%
György Sárosi Hongrie
73%
Oldřich Nejedlý Tchécoslovaquie
69%
Leen Vente Pays-Bas
58%
Ernesto Belis Argentine
50%
Bernard Voorhoof Belgique
46%
José Iraragorri Espagne
38%
Waldemar de Brito Brésil
35%
Edmund Conen Allemagne
31%
Matthias Sindelar Autriche
31%
Stefan Dobay Roumanie
27%
André Abegglen Suisse
27%
Thomas Florie Etats-Unis
19%
Aucun quiz correspondant
Distribution des résultats
% des personnes avec chaque résultat
Percentile par nombre de réponses
Votre historique - résultats
Vous n’avez pas pris ce quiz